| 000 | 00500nam a22001817a 4500 | ||
|---|---|---|---|
| 999 |
_c5416 _d5416 |
||
| 003 | GBCCL | ||
| 005 | 20241126110541.0 | ||
| 008 | 180316b ||||| |||| 00| 0 eng d | ||
| 020 | _a0963764527 | ||
| 040 | _cgbc | ||
| 082 |
_a813.54 _bSCO |
||
| 100 |
_aScott, R. A. Buddy _99723 |
||
| 245 |
_aTeens Fight Adult Corruption: _bA Novel to Mature Audiences / _cR. A. Buddy Scott |
||
| 260 |
_bAllon Publishing, _aTexas: _c1998 |
||
| 300 |
_a349 p.; _c23 cm. |
||
| 650 |
_aNovel _99724 |
||
| 942 |
_2ddc _cBK _01 |
||